2025 NFL Draft Order: 1st and 2nd Rounds - Statistics

General Stats
  • This quiz has been taken 112 times
  • The average score is 22 of 32
Answer Stats
Overall Pick Team % Correct
1, 35 Tennessee Titans
100%
3, 34 New York Giants
95%
2, 33 Cleveland Browns
93%
5, 36 Jacksonville Jaguars
85%
4, 38 New England Patriots
83%
6, 37 Las Vegas Raiders
81%
7, 42 New York Jets
79%
31, 63 Kansas City Chiefs
73%
9, 40 New Orleans Saints
73%
32, 64 Philadelphia Eagles
73%
30, 56, 62 Buffalo Bills
71%
10, 39, 41 Chicago Bears
71%
8, 57 Carolina Panthers
70%
29, 61 Washington Commanders
69%
11, 43 San Francisco 49ers
68%
27, 59 Baltimore Ravens
67%
28, 60 Detroit Lions
65%
26 Los Angeles Rams
63%
20, 51 Denver Broncos
62%
12, 44 Dallas Cowboys
61%
21 Pittsburgh Steelers
61%
24 Minnesota Vikings
60%
15, 46 Atlanta Falcons
58%
23, 54 Green Bay Packers
58%
14, 45 Indianapolis Colts
58%
22, 55 Los Angeles Chargers
58%
25, 58 Houston Texans
57%
19, 53 Tampa Bay Buccaneers
57%
17, 49 Cincinnati Bengals
55%
13, 48 Miami Dolphins
55%
18, 50, 52 Seattle Seahawks
55%
16, 47 Arizona Cardinals
51%
No matching quizzes found
Score Distribution
Percent of People with Each Score
Percentile by Number Answered
Your Score History
You have not taken this quiz